| 000 | 00000nas 2200000za 4500 |
| 001 | 9.806567 |
| 003 | CaOODSP |
| 005 | 20250424075937 |
| 007 | cr ||||||||||| |
| 008 | 150406d19751999onctr pso||||f0 a0eng|d |
| 022 | |a1701-5413 |
| 040 | |aCaOODSP|beng |
| 043 | |an-cn--- |
| 086 | 1 |aFA1-1E-PDF |
| 110 | 1 |aCanada. |bOffice of the Auditor General. |
| 210 | 0 |aRep. Audit. Gen. Can. |b(Online) |
| 222 | 0|aReport of the Auditor General of Canada |b(Online) |
| 240 | 10|aReport of the Auditor General of Canada (Online) |
| 245 | 00|aReport of the Auditor General of Canada |h[electronic resource]. |
| 246 | 13|aReport of the Auditor General of Canada to the House of Commons |
| 260 | |a[Ottawa] : |bOffice of the Auditor General of Canada |
| 310 | |aThree times a year. |
| 500 | |aIssued also in French under title: Rapport du vérificateur général. |
| 500 | |aAvailable in consolidated annual volumes. |
| 500 | |aSome content may be missing from the digital reproductions in PDF format. |
| 520 | 3 |aPresents the results of audits done this year by the Auditor General to provide objective information, advice, and assurance to Parliament, government, and Canadians. |
| 775 | 08|tRapport du vérificateur général du Canada |w(CaOODSP)9.806568 |
| 785 | 00|tReport of the Auditor General of Canada to the House of Commons |w(CaOODSP)9.506219 |